Znani ludzie II wojny światowej - Statystyki

Ogólne statystyki
  • Ten quiz został rozwiązany 42 razy
  • Średni wynik to 11 z 21
Statystyki odpowiedzi
Wskazówka Osoba % Poprawnych
Niemiecki Führer Adolf Hitler
100%
Brytyjski premier przez większą część wojny Winston Churchill
94%
Radziecki dyktator Józef Stalin
92%
Faszystowski przywódca Włoch Benito Mussolini
72%
Prezydent USA do 1945 roku Franklin D. Roosevelt
72%
Dziewczyna powyżej Eva Braun
69%
Generał „Lis Pustyni” Erwin Rommel
61%
Niemiecki minister propagandy Joseph Goebbels
61%
Przywódca SS Heinrich Himmler
53%
Prezydent USA po tym Harry Truman
50%
Cesarz japoński Hirohito
50%
Naczelny dowódca sił alianckich w Europie Dwight Eisenhower
42%
Dowódca Luftwaffe Hermann Göring
39%
Brytyjski bohater Afryki Północnej i współplanista D-Day Bernard Montgomery
36%
Przywódca Wolnych Sił Francuskich Charles de Gaulle
36%
Najbardziej odznaczony generał radziecki Gieorgij Żukow
36%
Amerykański generał zwany „Starą krwią i flakami” George S. Patton
33%
Brytyjski premier, który podpisał porozumienie monachijskie Neville Chamberlain
31%
Żydowski pamiętnikarz, który ukrywał się na strychu w Amsterdamie Anne Frank
25%
Amerykański generał, który powrócił na Filipiny Douglas MacArthur
25%
Premier Japonii, który wydał rozkaz ataku na Pearl Harbor Hideki Tōjō
17%
Nie znaleziono quizów pasujących do podanych kryteriów
Rozkład punktacji
Procent ludzi z każdym wynikiem
Percentyl według liczby udzielonych odpowiedzi
Twoja historia wyników
Nie rozwiązałeś tego quizu